Desenvolvimiento de la industria azucarera en España y en especial de las fábricas de azúcar de remolacha desde 1899 a 1911 / (Record no. 57149)

MARC details
000 -LEADER
campo de control de longitud fija 00543nam a2200157 i 4500
001 - NÚMERO DE CONTROL
campo de control 57149
003 - IDENTIFICADOR DE NÚMERO DE CONTROL
campo de control ES-MaACL
005 - FECHA Y HORA DE LA ÚLTIMA TRANSACCIÓN
campo de control 20230906163525.0
007 - CAMPO FIJO DE DESCRIPCIÓN FÍSICA--INFORMACIÓN GENERAL
campo de control de longitud fija t|
008 - DATOS DE LONGITUD FIJA--INFORMACIÓN GENERAL
campo de control de longitud fija 031015s1912 sp ||||1| spa d
100 1# - ENTRADA PRINCIPAL--NOMBRE DE PERSONA
Nombre de persona Donoso, Antonio Miguel.
9 (RLIN) 45332
245 10 - MENCIÓN DEL TÍTULO
Título Desenvolvimiento de la industria azucarera en España y en especial de las fábricas de azúcar de remolacha desde 1899 a 1911 /
Mención de responsabilidad, etc. Antonio Miguel Donoso.
260 ## - PUBLICACIÓN, DISTRIBUCIÓN, ETC.
Lugar de publicación, distribución, etc. Madrid :
Nombre del editor, distribuidor, etc. [s.n.],
Fecha de publicación, distribución, etc. 1912.
650 #4 - PUNTO DE ACCESO ADICIONAL DE MATERIA--TÉRMINO DE MATERIA
Término de materia o nombre geográfico como elemento de entrada Industria azucarera-
Subdivisión geográfica España.
9 (RLIN) 141522
852 ## - LOCALIZACIÓN
Ubicación ES-MaACL
Número de control de estantería T-1382-F-4
Holdings
Estatus retirado Estado de pérdida Estado de daño No para préstamo Colección Biblioteca de origen Biblioteca actual Ubicación en estantería Fecha de adquisición Fuente de adquisición Total de préstamos Signatura topográfica completa Código de barras Visto por última vez Precio de reemplazo Tipo de ítem Koha
        Colección de folletos Biblioteca del Ateneo de Madrid Biblioteca del Ateneo de Madrid Depósito folletos 17/01/2008     T-1382-F-4 1060005 23/02/2023 23/02/2023 Folleto